Players by incidence - Statistics

General Stats
  • This quiz has been taken 2 times
  • The average score is 10 of 15
Answer Stats
Hint Answer % Correct
Scored using his hand in 1986 Diego Maradona
100%
Scored a Hattrick in the World Cup final, the only player to do so Geoff Hurst
100%
Scored the most goals for barcelona Lionel Messi
100%
Had a pigs head thrown at him after transferring from Barcelona to Real Madrid Luis Figo
100%
Bit 3 players in a span of 4 years, one at a World Cup Luis Suarez
100%
Became the most expensive footballer in 2017 after transferring from Barcelona to PSG Neymar
100%
Famously slipped in 2014 at Stanford bridge in a 2-0 loss to Chelsea Steven Gerrard
100%
Scored a overhead kick in a local derby (2011) Wayne Rooney
100%
First player to win the champions league 5 times Cristiano Ronaldo
50%
Is the most expensive defender when moved from Leicester to Man Utd in 2019 Harry Maguire
50%
Scored the decisive goal in the 1999 champions league final to win Man Utd an unlikely champions league Ole Gunnar Solskjaer
50%
Has scored the most goals at World Cup finals Maxi Gomez
0%
Became the most expensive midfielder in 2016 when he moved from Juventus to Man Utd Paul Pagba
0%
Won 3 world cups in a span of 12 years Pele
0%
head-butted a player in a World Cup final Zinadine Zidane
0%
No matching quizzes found
Score Distribution
Percent of People with Each Score
Percentile by Number Answered
Your Score History
You have not taken this quiz